The Great Gatsby (Înregistrare nr. 41)

Detalii MARC
000 -LEADER
fixed length control field 00312nam a2200145 a 4500
005 - DATE AND TIME OF LATEST TRANSACTION
control field 20260702181356.0
020 ## - INTERNATIONAL STANDARD BOOK NUMBER
International Standard Book Number 9780743273565
041 0# - LANGUAGE CODE
Language code of text/sound track or separate title eng
100 1# - MAIN ENTRY--PERSONAL NAME
Personal name Fitzgerald, F. Scott
245 10 - TITLE STATEMENT
Title The Great Gatsby
260 ## - PUBLICATION, DISTRIBUTION, ETC.
Place of publication, distribution, etc. New York
Name of publisher, distributor, etc. Scribner
Date of publication, distribution, etc. 2004
300 ## - PHYSICAL DESCRIPTION
Extent 180 p.
650 #0 - SUBJECT ADDED ENTRY--TOPICAL TERM
Topical term or geographic name entry element Roman american
942 ## - ADDED ENTRY ELEMENTS (KOHA)
Koha item type Carte
Exemplare
Withdrawn status Lost status Damaged status Not for loan Home library Current library Date acquired Total checkouts Barcode Date last seen Price effective from Koha item type
        Biblioteca Comunală Lăzarea Biblioteca Comunală Lăzarea 07/02/2026   ARTABHR0341 07/02/2026 07/02/2026 Carte
        Biblioteca Județeană Kájoni János Biblioteca Județeană Kájoni János 07/02/2026   ARTABJHR41 07/02/2026 07/02/2026 Carte